00580nam a2200145Ia 4500008004100000020001800041100002200059245010200081260004400183300001700227650001600244650002500260999001900285952013000304180705s9999 xx 000 0 und d a9786218029101 aFerrer, Rodiel C. cRodiel C. Ferrer , Zues Vernon B. Millan.aFundamentals of accountancy, business & management 1 / aBaguio City:bBandolin enterprisec2017 ax, 399 pages aAccounting. aBusiness management. c358152d358152 001040aCLbCLcFILd2018-07-05eDonationl2m3oHF 5635 .M645 2017pC21555r2020-02-19 00:00:00s2020-02-19w2018-07-05yBK